Využitie kolaboratívneho robota v úlohách strojového videnia
Saved in:
| Main Author: | |
|---|---|
| Other Authors: | |
| Format: | Manuscript Book |
| Language: | Slovak |
| Published: |
Bratislava :
STU v Bratislave FEI,
2024
|
| Subjects: | |
| Online Access: | https://opac.crzp.sk/?fn=detailBiblioFormChildQI3CL&sid=AA0D9432EF6DE826CF16194F11D3&seo=CRZP-detail-kniha |
| Tags: |
No Tags, Be the first to tag this record!
|
MARC
| LEADER | 00000ntm a22000003a 4500 | ||
|---|---|---|---|
| 001 | stuzp96431 | ||
| 003 | SK-STU | ||
| 005 | 20250429100516.8 | ||
| 007 | ta | ||
| 008 | 150427s2015----xo-----f-mn---000-0-slo-d | ||
| 040 | |a STU |b slo | ||
| 041 | 0 | |a slo | |
| 044 | |a xo | ||
| 100 | 1 | |a Petrík, Jakub |u 030400 |4 aut |U FEI Fakulta elektrotechniky a informatiky |T FEI Ústav automobilovej mechatroniky |X 97901 |U E400 |Y 642 |7 97901 | |
| 242 | 0 | 1 | |a Using a collaborative robot in machine vision tasks |y eng |
| 245 | 1 | 0 | |a Využitie kolaboratívneho robota v úlohách strojového videnia |
| 260 | |a Bratislava : |b STU v Bratislave FEI, |c 2024 | ||
| 300 | |a 115 s. | ||
| 650 | 4 | |a Kolaboratívny robot |2 slo | |
| 650 | 4 | |a Strojové videnie |2 slo | |
| 650 | 4 | |a Fotogrametria |2 slo | |
| 650 | 4 | |a 3D rekonštrukcia |2 slo | |
| 650 | 4 | |a UFACTORY |2 slo | |
| 650 | 4 | |a Collaborative robot |2 eng | |
| 650 | 4 | |a Machine vision |2 eng | |
| 650 | 4 | |a Photogrammetry |2 eng | |
| 650 | 4 | |a 3D reconstruction |2 eng | |
| 650 | 4 | |a UFACTORY |2 eng | |
| 700 | 1 | |a Haffner, Oto |u 030400 |k Z1 |4 ths |U FEI Fakulta elektrotechniky a informatiky |T FEI Ústav automobilovej mechatroniky |X 56107 |U E400 |Y 642 |7 A000056107 | |
| 856 | 4 | |u https://opac.crzp.sk/?fn=detailBiblioFormChildQI3CL&sid=AA0D9432EF6DE826CF16194F11D3&seo=CRZP-detail-kniha | |